Catalog

Record Details

Catalog Search



Two worlds : notes on the death of modernity in America and Russia Cover Image Book Book

Two worlds : notes on the death of modernity in America and Russia Thomas C. Oden

Oden, Thomas C. (Author).

Record details

  • ISBN: 0-8308-1763-8
  • Physical Description: 175 p.
  • Publisher: Downers Grove, Illinois Inter-Varsity Press 1992

Available copies

  • 1 of 1 copy available at Common Catalog SPOK.

Holds

  • 0 current holds with 1 total copy.
Show All Copies
Location Call Number / Copy Notes Barcode Shelving Location Status Due Date
ETS Library 274.70829 424470007528 Volný výběr Available -

LDR 00722nam a2 00241
00137394
003CZ-PrJAB
00520040217000000.0
008000614s1992 xxu e |||| |eng
009us
020 . ‡a0-8308-1763-8
035 . ‡a(CONS)9445
035 . ‡aKPS7048
040 . ‡aABG450
041 . ‡aeng
08214. ‡a274.70829
100 . ‡71350 ‡aOden, Thomas C.
245 . ‡aTwo worlds : ‡bnotes on the death of modernity in America and Russia ‡cThomas C. Oden
260 . ‡aDowners Grove, Illinois ‡bInter-Varsity Press ‡c1992
300 . ‡a175 p.
653 . ‡aworlds ‡anotes on the death of modernity in America and Russia
8524 . ‡bETS ‡bETS ‡cVolný výběr ‡j274.70829 ‡gA ‡p424470007528
910 . ‡aABG450
999 . ‡a9445 ‡bAUTOGEN ‡c9445 ‡tbiblio
905 . ‡uadmin
901 . ‡a37394 ‡b ‡c37394 ‡tbiblio ‡sets

Additional Resources